| 000 | 00995cam a2200253 a 4500 | ||
|---|---|---|---|
| 001 | 1948389 | ||
| 003 | OSt | ||
| 005 | 20190122122831.0 | ||
| 008 | 870414s1987 mau d 000 0 eng | ||
| 010 | _a 87003799 | ||
| 040 |
_aDLC _cDLC _dDLC |
||
| 050 | 0 | 0 |
_aREF PE1591 _b.R73 2004 |
| 082 | 0 | 0 |
_a423/.1 _219 |
| 245 | 0 | 0 |
_aRoget's thesaurus for Home, School and Office: _bA-Z for easy reference clear & easy-to-read format keywords in bold type: A dictionary of synonyms and antonyms/ |
| 260 |
_aButler Pike: _bKappa books, _c2004 |
||
| 300 |
_axi, 191 p. ; _c14 cm. |
||
| 500 | _aBased on: The Right word II. c1983. | ||
| 650 | 0 |
_aEnglish language _xSynonyms and antonyms. |
|
| 730 | 0 | _aRight word II. | |
| 856 | 4 | 2 |
_3Publisher description _uhttp://www.loc.gov/catdir/description/hm021/87003799.html |
| 856 | 4 | 2 |
_3Contributor biographical information _uhttp://www.loc.gov/catdir/enhancements/fy0736/87003799-b.html |
| 906 |
_a7 _bcbc _corignew _d1 _eocip _f19 _gy-gencatlg |
||
| 942 |
_2lcc _cREF |
||
| 999 |
_c53895 _d53895 |
||